Los trabajos de Persiles y Segismunda
Guardat en:
| Autor principal: | |
|---|---|
| Format: | Llibre |
| Idioma: | espanyol |
| Publicat: |
Madrid
Castalia
1984
|
| Col·lecció: | Clásicos Castalia, 12
|
| Matèries: | |
| Etiquetes: |
Afegir etiqueta
Sense etiquetes, Sigues el primer a etiquetar aquest registre!
|
MARC
| LEADER | 00000nam a2200000 a 4500 | ||
|---|---|---|---|
| 001 | UCQ5702 | ||
| 003 | CL-VaPUC | ||
| 008 | 981002e19840000SP |||||||||||||||||spa|d | ||
| 082 | 0 | 4 | |a 863 |b CER |2 21 |
| 100 | |a Cervantes y Saavedra, Miguel de |e author |9 267947 | ||
| 245 | 1 | 4 | |a Los trabajos de Persiles y Segismunda |
| 300 | |a 480 p | ||
| 942 | |c BK | ||
| 945 | |d 19981002 00:00:00 |a lriquelm | ||
| 260 | |a Madrid |b Castalia |c 1984 | ||
| 650 | 0 | |a Novelas españolas |9 265052 | |
| 650 | 0 | |a Literatura española |9 306261 | |
| 583 | |a last modification |c 19981002 00:00:00 |k Rodrigo Vera | ||
| 490 | 0 | |a Clásicos Castalia, 12 | |
| 999 | |c 275906 |d 275904 | ||
| 952 | |0 0 |1 0 |4 0 |6 863_000000000000000_CER_1984 |7 0 |8 A |9 312790 |a FDOPOS |b FDOPOS |d 2019-11-20 |i 1474421 |o 863 CER 1984 |p 1474421 |r 2025-01-22 |w 2019-11-20 |y BK |k MLH | ||